<?xml version="1.0" encoding="UTF-8"?>
<record
    xmlns:xsi="http://www.w3.org/2001/XMLSchema-instance"
    xsi:schemaLocation="http://www.loc.gov/MARC21/slim http://www.loc.gov/standards/marcxml/schema/MARC21slim.xsd"
    xmlns="http://www.loc.gov/MARC21/slim">

  <leader>00684nam a22001697a 4500</leader>
  <controlfield tag="003">OSt</controlfield>
  <controlfield tag="005">20251204101608.0</controlfield>
  <controlfield tag="008">251204b        |||||||| |||| 00| 0 eng d</controlfield>
  <datafield tag="040" ind1=" " ind2=" ">
    <subfield code="c">DCL</subfield>
  </datafield>
  <datafield tag="082" ind1=" " ind2=" ">
    <subfield code="a">&#x1042;&#x1049;&#x1044;.&#x1043;&#x1045;&#x1046;</subfield>
  </datafield>
  <datafield tag="100" ind1=" " ind2=" ">
    <subfield code="a">&#x101A;&#x1031;&#x102C;&#x1006;&#x101B;&#x102C;&#x1010;&#x1031;&#x102C;&#x103A;&#x104B;</subfield>
  </datafield>
  <datafield tag="245" ind1=" " ind2=" ">
    <subfield code="a">&#x101E;&#x1019;&#x102F;&#x1012;&#x1039;&#x1012;&#x101B;&#x102C; &#x101D;&#x1019;&#x103A;&#x1038;&#x1010;&#x1005;&#x103A;&#x1011;&#x103D;&#x102C; /</subfield>
    <subfield code="c">&#x101A;&#x1031;&#x102C;&#x1006;&#x101B;&#x102C;&#x1010;&#x1031;&#x102C;&#x103A;&#x104B;</subfield>
  </datafield>
  <datafield tag="260" ind1=" " ind2=" ">
    <subfield code="a">&#x101B;&#x1014;&#x103A;&#x1000;&#x102F;&#x1014;&#x103A; &#x104A;</subfield>
    <subfield code="b">&#x101B;&#x1032;&#x1021;&#x1031;&#x102C;&#x1004;&#x103A;&#x1005;&#x102C;&#x1015;&#x1031;&#x104A;</subfield>
    <subfield code="c">&#x1042;&#x1040;&#x1040;&#x1040;&#x104B;</subfield>
  </datafield>
  <datafield tag="300" ind1=" " ind2=" ">
    <subfield code="a">&#x1041;&#x1044;&#x1045; &#x1005;&#x102C;&#x1019;&#x103B;&#x1000;&#x103A;&#x1014;&#x102F;&#x102C; &#x104A;</subfield>
    <subfield code="c">&#x1041;&#x1046; &#x1005;&#x1004;&#x103A;&#x1010;&#x102E;&#x104B;</subfield>
  </datafield>
  <datafield tag="650" ind1=" " ind2=" ">
    <subfield code="a">&#x1017;&#x102F;&#x1012;&#x1039;&#x1013;&#x1018;&#x102C;&#x101E;&#x102C;</subfield>
    <subfield code="v">&#x1010;&#x101B;&#x102C;&#x1038;&#x1010;&#x1031;&#x102C;&#x103A;&#x104B;</subfield>
  </datafield>
  <datafield tag="942" ind1=" " ind2=" ">
    <subfield code="2">ddc</subfield>
    <subfield code="c">SHORT TERM</subfield>
    <subfield code="n">0</subfield>
  </datafield>
  <datafield tag="952" ind1=" " ind2=" ">
    <subfield code="0">0</subfield>
    <subfield code="1">0</subfield>
    <subfield code="2">ddc</subfield>
    <subfield code="4">0</subfield>
    <subfield code="7">0</subfield>
    <subfield code="8">M</subfield>
    <subfield code="a">DHAM</subfield>
    <subfield code="b">DHAM</subfield>
    <subfield code="c">MMBS</subfield>
    <subfield code="d">2025-12-04</subfield>
    <subfield code="l">0</subfield>
    <subfield code="o">&#x1042;&#x1049;&#x1044;.&#x1043;&#x1045;&#x1046; &#x101A;&#x1031;&#x102C; &#x1045;&#x1047;&#x1047;&#x1041;</subfield>
    <subfield code="p">MB00005771</subfield>
    <subfield code="r">2025-12-04 10:14:11</subfield>
    <subfield code="w">2025-12-04</subfield>
    <subfield code="y">SHORT TERM</subfield>
    <subfield code="A">&#x1045;&#x1047;&#x1047;&#x1041;</subfield>
  </datafield>
  <datafield tag="999" ind1=" " ind2=" ">
    <subfield code="c">2657</subfield>
    <subfield code="d">2657</subfield>
  </datafield>
</record>
